Física universitaria

Saved in:
Bibliografiske detaljer
Main Authors: Sears, Francis Weston (Author), Zemansky, Mark Waldo (Author), Young, Hugh D (Author)
Format: Bog
Sprog:spansk
Udgivet: Ciudad de México Fondo Educativo Interamericano 1986
Udgivelse:6a. ed
Fag:
Tags: Tilføj Tag
Ingen Tags, Vær først til at tagge denne postø!

MARC

LEADER 00000nam a2200000 a 4500
001 UCW2032
003 CL-VaPUC
008 900820e19860000MX |||||||||||||||||spa|d
082 0 4 |a 530  |b SEA  |2 21 
100 0 |a Sears, Francis Weston  |e author  |9 305999 
700 0 |a Zemansky, Mark Waldo  |e author  |9 306000 
700 0 |a Young, Hugh D  |e author  |9 306001 
245 1 0 |a Física universitaria 
250 |a 6a. ed 
300 |a 1110 p 
942 |c BK 
945 |d 19900820 00:00:00 
260 |a Ciudad de México  |b Fondo Educativo Interamericano  |c 1986 
650 0 |a Física   |9 227844 
583 |a last modification  |c 19900820 00:00:00  |k Rodrigo Vera 
999 |c 216694  |d 216692 
952 |0 0  |1 0  |4 0  |6 530_000000000000000_SEA_1986  |7 0  |8 R  |9 202682  |a BIBMEC  |b BIBMEC  |d 2019-11-14  |i 270014K  |o 530 SEA 1986  |p 270014K  |r 2024-01-19  |w 2019-11-14  |y BK_R  |k MEC